000 00409nam a2200169Ia 4500
008 170705s9999 xx 000 0 und d
020 _a9780440410294
245 _aNorth country night /
245 _cby Daniel San Souci.
260 _aNew York :
260 _bA Picture Yearling Book,
260 _c1990
300 _aunpaged :
300 _bcolor illustration ;
300 _c27cm.
500 _a970
999 _c337356
_d337356